01557nam a2200349 a 4500001001000000003000500010005001700015008004100032010001100073011001100084040000900095090001000104100004800114245017300162260004100335500006000376502011800436590004100554590004000595590004000635590004000675650002600715650003700741650004100778856007000819901000700889942001000896942000600906999001900912952014000931952013601071000111095CHAP20220329144158.0141202s2014 mx |sm |||||||spa d a107557 a108529 cCHAP aTesis1 aJuárez Zebadúa, Ubaldo Fermín912889910aReutilización de CIDR´s en ovejas de lana para inducir el restablecimiento de la actividad ovárica postpartoh[En línea]cpor Ubaldo Fermín Juárez Zebadúa. aChapingo, Méx. :bEl autor,c2014. aPara ver el contenido del material haga clic en la liga aTesis (Ing. Agr. Esp. en Zootecnia) -- UACH. Departamento de Enseñanza, Investigación y Servicio en Zootecnia aE11695DGDb10c20141207lUCH01h1300 aE5652GLJb05c20141202lUCH01h1250 aE5652GLJb05c20141202lUCH01h1443 aE5652GLJb05c20141204lUCH01h090414aCiclo estrual.92307214aGanado lanarxFecundidad.94518114aGanado lanarxReproducción.945220 aFinding aiduhttp://10.13.5.2/tesis/sist111095.pdfzTeclea aquí aBK cTESIS n0 c107557d107557 00102local4053708TESISaBCbBCcPA_TESISd2014-12-04fTESISl0oTesisp33724002438769r2019-12-31 00:00:00tc.2w2019-12-31yTESIS 00104054718TESISaBCbBCd2014-12-04fTESISl0oTesisp33724002438801r2019-12-31 00:00:00w2019-12-31yTESISzRecien adquirido